000 00379pab a2200145 454500
008 180718b1984 xxu||||| |||| 00| 0 eng d
100 _aSeetharam, G.N.
245 _aIncreased socialisation of economy brightens future of public sector
260 _c1984
300 _a14-17
362 _a1 Mar.
650 _aGovernment Enterprise - France
773 _aYojana
909 _a9252
999 _c9252
_d9252